Т. 1; Основы конструирования и расчета химико-технологического и природоохранного оборудования

Podrobná bibliografie
Parent link:Основы конструирования и расчета химико-технологического и природоохранного оборудования: справочник/ А. С. Тимонин; Московский государственный университет инженерной экологии. Т. 1.— 2-е изд., перераб. и доп..— , 2002-
Jazyk:ruština
Vydáno: 2002
Témata:
Médium: MixedMaterials Kniha
KOHA link:https://koha.lib.tpu.ru/cgi-bin/koha/opac-detail.pl?biblionumber=64770

MARC

LEADER 00000nam2a2200000 4500
001 64770
005 20231031065932.0
010 |a 589552043X 
035 |a (RuTPU)RU\TPU\book\68747 
090 |a 64770 
100 |a 20040608d2002 km y0rusy50 ca 
101 0 |a rus 
102 |a RU 
105 |a a gj 001zy 
200 0 |a Т. 1 
210 |d 2002 
215 |a 851 с.  |c ил. 
320 |a Библиогр.: с. 846. 
451 1 |0 (RuTPU)RU\TPU\book\25600  |y 5-89552-043-X  |t Т. 1  |d 2001  |p 756 с. 
461 1 |0 (RuTPU)RU\TPU\book\18081  |t Основы конструирования и расчета химико-технологического и природоохранного оборудования  |o справочник  |o учебное пособие  |f А. С. Тимонин  |g Московский государственный университет инженерной экологии  |v Т. 1  |e 2-е изд., перераб. и доп.  |d 2002- 
610 1 |a технологическое машиностроение 
610 1 |a конструкционные материалы 
610 1 |a стали 
610 1 |a чугун 
610 1 |a цветные металлы 
610 1 |a цветные сплавы 
610 1 |a сортамент 
610 1 |a неметаллические материалы 
610 1 |a технологическое оборудование 
610 1 |a сварка 
610 1 |a пайка 
610 1 |a склеивание 
610 1 |a элементы 
610 1 |a узлы 
610 1 |a конструирование 
610 1 |a расчет 
610 1 |a днища 
610 1 |a крышки 
610 1 |a фланцевые соединения 
610 1 |a валы 
610 1 |a упрочнение 
610 1 |a аппараты высокого напряжения 
610 1 |a прочность 
610 1 |a нормы 
610 1 |a справочники 
610 1 |a учебные пособия 
675 |a 621.001.66(035)(075.8)  |v 3 
675 |a 66.02.002(035)(075.8)  |v 3 
801 1 |a RU  |b 63413507  |c 20040608  |g PSBO 
801 2 |a RU  |b 63413507  |c 20200824  |g PSBO 
900 |a Основы проектирования и оборудование предприятий биотехнологической промышленности 
942 |c BK